<?xml version="1.0" encoding="UTF-8"?>
<record
    xmlns:xsi="http://www.w3.org/2001/XMLSchema-instance"
    xsi:schemaLocation="http://www.loc.gov/MARC21/slim http://www.loc.gov/standards/marcxml/schema/MARC21slim.xsd"
    xmlns="http://www.loc.gov/MARC21/slim">

  <leader>02577cam a22003374a 4500</leader>
  <datafield tag="999" ind1=" " ind2=" ">
    <subfield code="c">9262</subfield>
    <subfield code="d">9262</subfield>
  </datafield>
  <controlfield tag="001">65644526</controlfield>
  <controlfield tag="003">OCoLC</controlfield>
  <controlfield tag="005">20210111152122.0</controlfield>
  <controlfield tag="008">060404s2007    mau      b    000 0 eng  </controlfield>
  <datafield tag="010" ind1=" " ind2=" ">
    <subfield code="a">2006011143</subfield>
  </datafield>
  <datafield tag="020" ind1=" " ind2=" ">
    <subfield code="a">0618453695</subfield>
  </datafield>
  <datafield tag="020" ind1=" " ind2=" ">
    <subfield code="a">9780618453696</subfield>
  </datafield>
  <datafield tag="035" ind1=" " ind2=" ">
    <subfield code="a">(OCoLC)65644526</subfield>
  </datafield>
  <datafield tag="040" ind1=" " ind2=" ">
    <subfield code="a">DLC</subfield>
    <subfield code="c">DLC</subfield>
    <subfield code="d">BAKER</subfield>
    <subfield code="d">BTCTA</subfield>
    <subfield code="d">C#P</subfield>
    <subfield code="d">YDXCP</subfield>
    <subfield code="d">YDX</subfield>
    <subfield code="d">BUR</subfield>
    <subfield code="d">PUL</subfield>
    <subfield code="d">VP@</subfield>
  </datafield>
  <datafield tag="042" ind1=" " ind2=" ">
    <subfield code="a">pcc</subfield>
  </datafield>
  <datafield tag="043" ind1=" " ind2=" ">
    <subfield code="a">n-us---</subfield>
  </datafield>
  <datafield tag="050" ind1="0" ind2="0">
    <subfield code="a">HM646</subfield>
    <subfield code="b">.H35 2007</subfield>
  </datafield>
  <datafield tag="082" ind1="0" ind2="0">
    <subfield code="a">306.4/87</subfield>
    <subfield code="2">22</subfield>
  </datafield>
  <datafield tag="100" ind1="1" ind2=" ">
    <subfield code="a">Halpern, Jake</subfield>
  </datafield>
  <datafield tag="245" ind1="1" ind2="0">
    <subfield code="a">Fame junkies :</subfield>
    <subfield code="b">the hidden truths behind America's favorite addiction /</subfield>
    <subfield code="c">Jake Halpern</subfield>
  </datafield>
  <datafield tag="260" ind1=" " ind2=" ">
    <subfield code="a">Boston :</subfield>
    <subfield code="b">Houghton Mifflin Company,</subfield>
    <subfield code="c">2007</subfield>
  </datafield>
  <datafield tag="300" ind1=" " ind2=" ">
    <subfield code="a">xxix, 226 p. ;</subfield>
    <subfield code="c">22 cm</subfield>
  </datafield>
  <datafield tag="504" ind1=" " ind2=" ">
    <subfield code="a">Includes bibliographical references (p. 217-226)</subfield>
  </datafield>
  <datafield tag="505" ind1="0" ind2=" ">
    <subfield code="a">Introduction : hooked on fame -- Going to fame school -- Mobs of fame-starved children -- Home for the famous and almost famous -- The association of celebrity personal assistants -- The desire to belong : why everyone wants to have dinner with Paris Hilton and 50 Cent -- When reflected glory isn't enough : confessions of an upwardly-mobile celebrity "slave" -- Monkeys, Us Weekly, and the power of social information -- A choice of worship : Rod vs. God -- Conclusion : some reflections from Hollywood's premiere retirement home</subfield>
  </datafield>
  <datafield tag="520" ind1=" " ind2=" ">
    <subfield code="a">"For the past few years, Jake Halpern has reported on fame for NPR. This book chronicles his journey through the underbelly of Hollywood and launches a broad investigation of America's fascination with the lives of celebrities. Why are sales of magazines like US Weekly skyrocketing while news magazines are down? Why do seemingly normal, educated people pay attention to whom Paris Hilton is currently dating? Halpern visits those most stricken with the obsession: aspiring celebrities, Hollywood insiders, and die-hard fans. He also meets several high-profile celebrities, including The Edge from U2, Rod Stewart, director Ed Zwick, and numerous insiders who rarely grant interviews. He also gathers considerable psychological, sociological, and even biological research from experts about why we want to become famous, why we experience a high when we come in close contact with celebrities, and why fame changes not only celebrities but those closest to them.--From publisher description."--From source other than the Library of Congress</subfield>
  </datafield>
  <datafield tag="650" ind1=" " ind2="0">
    <subfield code="a">Subculture</subfield>
    <subfield code="z">United States</subfield>
  </datafield>
  <datafield tag="650" ind1=" " ind2="0">
    <subfield code="a">Fans (Persons)</subfield>
    <subfield code="z">United States</subfield>
    <subfield code="x">Psychology</subfield>
  </datafield>
  <datafield tag="650" ind1=" " ind2="0">
    <subfield code="a">Fame</subfield>
    <subfield code="x">Psychological aspects</subfield>
  </datafield>
  <datafield tag="650" ind1=" " ind2="0">
    <subfield code="a">Celebrities</subfield>
    <subfield code="z">United States</subfield>
  </datafield>
  <datafield tag="942" ind1=" " ind2=" ">
    <subfield code="2">ddc</subfield>
    <subfield code="c">BK</subfield>
  </datafield>
  <datafield tag="952" ind1=" " ind2=" ">
    <subfield code="0">0</subfield>
    <subfield code="1">0</subfield>
    <subfield code="2">ddc</subfield>
    <subfield code="4">0</subfield>
    <subfield code="7">0</subfield>
    <subfield code="8">NFIC</subfield>
    <subfield code="a">HMC</subfield>
    <subfield code="b">HMC</subfield>
    <subfield code="c">GEN</subfield>
    <subfield code="d">2021-01-15</subfield>
    <subfield code="l">0</subfield>
    <subfield code="o">306.487 H195F</subfield>
    <subfield code="p">010598</subfield>
    <subfield code="r">2021-01-15 00:00:00</subfield>
    <subfield code="w">2021-01-15</subfield>
    <subfield code="y">BK</subfield>
  </datafield>
</record>
